Proyección editorial de la uasd para 1985 (Registro nro. 13292)

Detalles MARC
000 -LIDER
fixed length control field 00477nam a22001697a 4500
003 - IDENTIFICACDOR DE NÚMERO DE CONTROL
control field DO-SdBNP
005 - DATE AND TIME OF LATEST TRANSACTION
control field 20180215101911.0
008 - ELEMENTOS DE LONGITUD FIJA
fixed length control field 180215b dr||||| |||| 00| 0 spa d
040 ## - FUENTE DE CATALOGACIÓN
Agencia que crea de manera original el registro BPMSU
Idioma de catalogación spa
Agencia que realiza la transcripción BPMSU
100 ## - ASIENTO PRINCIPAL -- NOMBRE PERSONAL
Nombre personal Paniagua, Ismael
245 ## - MENCIÓN DE TITULO
Título Proyección editorial de la uasd para 1985
Mención de responsabilidad Ismael Paniagua
260 ## - PUBLICACIÓN, DISTRIBUCIÓN, ETC. (PIE DE IMPRENTA)
Lugar de publicación, distribución, etc Santo Domingo :
Nombre del editor, distribuidor, etc. Universitaria
Fecha de publicación, distribución, etc 1985
300 ## - DESCRIPCIÓN FÍSICA
Extensión 23 p.
Dimensiones 21. 5 cm
942 ## - ADDED ENTRY ELEMENTS (KOHA)
Source of classification or shelving scheme Dewey Decimal Classification
Koha item type Libros
945 ## - INFORMACIÓN DE PROCESAMIENTO LOCAL
Información de procesamiento local inventariado, 2018 / dg
956 ## - LOCAL ELECTRONIC LOCATION AND ACCESS (OCLC)
Nombre de host dgarcia
Número de acceso 10
Existencias
Withdrawn status Lost status Source of classification or shelving scheme Damaged status Not for loan Collection code Home library Current library Date acquired Source of acquisition Total Checkouts Barcode Date last seen Price effective from Koha item type
    Dewey Decimal Classification     Colección Dominicana Biblioteca Pública Metropolitana Salomé Ureña Biblioteca Pública Metropolitana Salomé Ureña 02/15/2018 Donado   BPMSU18020148 02/15/2018 02/15/2018 Libros